000 00584nam a2200193Ia 4500
003 GCL
008 140319s9999 xx 000 0 ara d
040 _aGCL /
_cGCL
082 0 4 _a415.1
_bاا
100 1 _aاحمد سليمان ياقوت
245 1 0 _aالافعال غير المتصرفة وشبة المتصرفة /
_cاحمد سليمان ياقوت
260 _a[S.N] :
_bدار المعرفة الجامعية ،
_c1993
300 _a191 ص
490 _a
650 0 4 _aالنحو
650 0 4 _aالنحو العربى
650 0 4 _aالافعال
942 _2ddc
_cBK
999 _c39810
_d39810